01267nam a2200337 a 4500001001100000003000800011006001900019007001500038008004100053015001500094016001900109020002100128040002100149035002000170050002300190082001700213100002800230245013600258260003800394300001600432490002600448504005100474533015200525650001700677655002900694700002400723710001700747830002300764856012500787999001700912ebr5000313CaPaEBRm u cr cn|||||||||990301s1999 enk sb 001 0 eng  aGB98-W89257 a18599625642Uk z1859962564(pbk.) aCaPaEBRcCaPaEBR a(OCoLC)5017464614aRJ254b.M86 1999eb04a618.92012211 aMupanemunda, Richard H.10aKey topics in neonatologyh[electronic resource] /cRichard H. Mupanemunda, Michael Watkinson ; consultant editor David R. Harvey. aOxford :bBIOS Scientific,c1999. axiii,338 p.1 aThe key topics series aIncludes bibliographical references and index. aElectronic reproduction.bPalo Alto, Calif. :cebrary,d2013.nAvailable via World Wide Web.nAccess may be limited to ebrary affiliated libraries. 0aNeonatology. 7aElectronic books.2local1 aWatkinson, Michael.2 aebrary, Inc. 0aKey topics series.40uhttp://site.ebrary.com/lib/rucke/Doc?id=5000313zAn electronic book accessible through the World Wide Web; click to view c17708d17708